[Event "Havana Giraldilla op"]
[Site "Havana"]
[Date "2024.08.15"]
[Round "6"]
[White "Cuesta Cedeno, Cristofer Rafael"]
[Black "Olano Feria, Leonal Isaac"]
[Result "1-0"]
[WhiteElo "1612"]
[BlackElo "1840"]
[PlyCount "75"]
[EventDate "2024.08.12"]
[EventType "swiss"]
[EventRounds "9"]
[EventCountry "CUB"]
[SourceTitle "CBM 221 Extra"]
[Source "ChessBase"]
[SourceDate "2024.09.30"]
[SourceVersion "1"]
[SourceVersionDate "2024.09.30"]
[SourceQuality "1"]

1. d4 Nf6 2. Bf4 e6 3. e3 d5 4. Nd2 c5 5. c3 Nc6 6. Ngf3 Bd6 7. Bg3 0-0 8. Bd3 c4 9. Bc2 b5 10. a3 a5 11. Bxd6 Qxd6 12. e4 dxe4 13. Nxe4 Nxe4 14. Bxe4 Rb8 15. 0-0 b4 16. axb4 axb4 17. Qe2 f5 18. Bxc6 Qxc6 19. Ne5 Qd5 20. Qxc4 Qxc4 21. Nxc4 bxc3 22. bxc3 Bd7 23. Ne5 Rb7 24. Rfe1 Rc8 25. c4 Bc6 26. f3 Rb6 27. Reb1 Rb7 28. Rxb7 Bxb7 29. Ra7 Ba8 30. Re7 Kf8 31. Rxe6 Rxc4 32. Nxc4 Bd5 33. Re5 Bxc4 34. Rxf5+ Ke7 35. Rc5 Bb3 36. Kf2 Kd6 37. Ke3 Bd5 38. Rxd5+ 1-0